| 000 | 02740cam a2200457 i 4500 | ||
|---|---|---|---|
| 001 | ocn923665198 | ||
| 003 | TZ-ArACH | ||
| 005 | 20210422124238.0 | ||
| 008 | 151008s2016 enka b 001 0 eng | ||
| 010 | _a 2015039553 | ||
| 015 |
_aGBB609832 _2bnb |
||
| 016 | 7 |
_a017710160 _2Uk |
|
| 020 |
_a9781107570481 _q(paperback) |
||
| 020 | _a1107570484 | ||
| 035 | _a(OCoLC)923665198 | ||
| 040 |
_aDLC _beng _erda _cTZ-ArACH |
||
| 042 | _apcc | ||
| 049 | _aTZAA | ||
| 050 | 0 | 0 |
_aK2263 _b.N36 2016 |
| 100 | 1 |
_aNance, Dale A., _eauthor. |
|
| 245 | 1 | 4 |
_aBurdens of proof : _bdiscriminatory power, weight of evidence, and tenacity of belief / _cDale A. Nance. |
| 260 |
_aCambridge, United Kingdom : _bCambridge University Press, _c2016. |
||
| 300 |
_axiii, 330 pages : _billustrations ; _c24 cm |
||
| 504 | _aIncludes bibliographical references (pages 305-325) and index. | ||
| 505 | 0 | _aIntroduction -- Discriminatory power : adjudication as practical reasoning -- Keynesian weight and decision-making : being prepared to decide -- Keynesian weight in adjudication : the allocation of juridical roles -- Tenacity of belief : an idea in search of a use -- Conclusion. | |
| 520 | _a"Adjudicative tribunals in both criminal and non-criminal cases rely on the concept of the 'burden of proof' to resolve uncertainty about facts. Perhaps surprisingly, this concept remains clouded and deeply controversial. Written by an internationally renowned scholar, this book explores contemporary thinking on the evidential requirements that are critical for all practical decision-making, including adjudication. Although the idea that evidence must favor one side over the other to a specified degree, such as 'beyond reasonable doubt', is familiar, less well-understood is an idea associated with the work of John Maynard Keynes, namely that there are requirements on the total amount of evidence considered to decide the case. The author expertly explores this distinct Keynesian concept and its implications. Hypothetical examples and litigated cases are included to assist understanding of the ideas developed. Implications include an expanded conception of the burden of producing evidence and how it should be administered." | ||
| 600 | 1 | 0 |
_aKeynes, John Maynard, _d1883-1946. |
| 600 | 1 | 7 |
_aKeynes, John Maynard, _d1883-1946. _2fast |
| 650 | 0 | _aBurden of proof. | |
| 650 | 0 | _aEvidence. | |
| 650 | 0 | _aProof theory. | |
| 650 | 7 |
_aBurden of proof. _2fast |
|
| 650 | 7 |
_aEvidence. _2fast |
|
| 650 | 7 |
_aProof theory. _2fast |
|
| 650 | 7 |
_aAnglo-American law. _2pplt |
|
| 650 | 7 |
_aProcurement. _2pplt |
|
| 650 | 7 |
_aEvidence. _2pplt |
|
| 650 | 7 |
_aTheory. _2pplt |
|
| 650 | 7 |
_aJohn Maynard Keynes (1883-1946). _2pplt |
|
| 942 |
_2lcc _cBOOK |
||
| 999 |
_c6297 _d6297 |
||